Indian natural rubber sector: An overview (Record no. 52665)

MARC details
000 -LEADER
fixed length control field 00507nam a2200121Ia 4500
100 ## - MAIN ENTRY--AUTHOR NAME
Personal name Mathew N.M.
245 #0 - TITLE STATEMENT
Title Indian natural rubber sector: An overview
260 ## - PUBLICATION, DISTRIBUTION, ETC. (IMPRINT)
Name of publisher Proceedings of the First Symposium on Plantation Crop Research: Current Trends and Future Challenges, 8-9 July 2004, Bandaranake Memorial International Conference Hall, Colombo, Sri Lanka, pp. 265-266.
Year of publication 2004
650 ## - SUBJECT ADDED ENTRY--TOPICAL TERM
Topical Term Indian rubber industry
650 ## - SUBJECT ADDED ENTRY--TOPICAL TERM
Topical Term Natural rubber
942 ## - ADDED ENTRY ELEMENTS (KOHA)
Koha item type Bibliography STAF
Holdings
Withdrawn status Lost status Damaged status Not for loan Home library Current library Date acquired Koha item type
      Bibliography RRII Library RRII Library 09/04/2014 Bibliography STAF